| Tag |
First Indicator |
Second Indicator |
Subfields |
| LEADER |
00000pam a2200000 a 4500 |
| 001 |
in00000503821 |
| 005 |
20151013071032.0 |
| 008 |
820909s1983 enka b 00100 eng |
| 010 |
|
|
|a 82017492
|
| 020 |
|
|
|a 047190080X :
|c $73.75
|
| 035 |
|
|
|a (OCoLC)08805992
|
| 035 |
|
|
|9 ACE1542AM
|
| 039 |
0 |
|
|a 2
|b 3
|c 3
|d 3
|e 3
|
| 040 |
|
|
|a DLC
|c DLC
|d TXA
|d UtOrBLW
|
| 049 |
|
|
|a TXAM
|c [001089]
|
| 050 |
0 |
0 |
|a RC270.8
|b .C384 1983
|
| 082 |
0 |
|
|a 616.99/406
|2 19
|
| 245 |
0 |
0 |
|a Cancer treatment :
|b end-point evaluation /
|c edited by Basil A. Stoll.
|
| 264 |
|
1 |
|a Chichester [West Sussex] ;
|a New York :
|b Wiley,
|c [1983]
|
| 264 |
|
4 |
|c ©1983
|
| 300 |
|
|
|a xiv, 520 pages :
|b illustrations ;
|c 24 cm.
|
| 336 |
|
|
|a text
|b txt
|2 rdacontent
|
| 337 |
|
|
|a unmediated
|b n
|2 rdamedia
|
| 338 |
|
|
|a volume
|b nc
|2 rdacarrier
|
| 490 |
1 |
|
|a Wiley medical publication
|
| 490 |
1 |
|
|a Wiley series on new horizons in oncology ;
|v v. 2
|
| 504 |
|
|
|a Includes bibliographies and index.
|
| 650 |
|
0 |
|a Cancer
|x Treatment.
|
| 700 |
1 |
|
|a Stoll, Basil A.
|q (Basil Arnold)
|
| 830 |
|
0 |
|a Wiley medical publication.
|
| 830 |
|
0 |
|a Wiley series on new horizons in oncology ;
|v v. 2.
|
| 999 |
|
|
|a MARS
|
| 999 |
f |
f |
|s e3d17a25-546e-3a59-8065-c1ab8106b26c
|i cc9d966d-8299-34d4-a787-aa2b882ee661
|t 0
|
| 952 |
f |
f |
|p ric
|a Texas A&M University
|b Rellis Campus
|c Joint Library Facility
|d Remote Storage
|t 0
|e RC270.8 .C384 1983
|h Library of Congress classification
|i unmediated -- volume
|m A14807878914
|
| 998 |
f |
f |
|a RC270.8 .C384 1983
|t 0
|l Remote Storage
|